Strategic logic / (Record no. 7293)
[ view plain ]
| 000 -LEADER | |
|---|---|
| fixed length control field | 00904cam a22002414a 4500 |
| 001 - CONTROL NUMBER | |
| control field | 13127329 |
| 005 - DATE AND TIME OF LATEST TRANSACTION | |
| control field | 20250819121619.0 |
| 008 - FIXED-LENGTH DATA ELEMENTS--GENERAL INFORMATION | |
| fixed length control field | 030318s2003 enka b 001 0 eng |
| 020 ## - INTERNATIONAL STANDARD BOOK NUMBER | |
| International Standard Book Number | 1403912599 |
| 020 ## - INTERNATIONAL STANDARD BOOK NUMBER | |
| International Standard Book Number | 9781403912596 |
| 050 00 - LIBRARY OF CONGRESS CALL NUMBER | |
| Classification number | HD30.28 |
| Item number | .J367 2003 |
| 082 00 - DEWEY DECIMAL CLASSIFICATION NUMBER | |
| Classification number | 658.4/012 |
| Edition information | 21 |
| 100 1# - MAIN ENTRY--PERSONAL NAME | |
| Personal name | Jarillo, José C. |
| Fuller form of name | (José Carlos) |
| 245 10 - TITLE STATEMENT | |
| Title | Strategic logic / |
| Statement of responsibility, etc. | J. Carlos Jarillo. |
| 260 ## - PUBLICATION, DISTRIBUTION, ETC. | |
| Place of publication, distribution, etc. | Houndmills, Basingstoke, Hampshire ; |
| -- | New York : |
| Name of publisher, distributor, etc. | Palgrave Macmillan, |
| Date of publication, distribution, etc. | 2003. |
| 300 ## - PHYSICAL DESCRIPTION | |
| Extent | xii, 233 p. : |
| Other physical details | ill. ; |
| Dimensions | 24 cm. |
| 650 #0 - SUBJECT ADDED ENTRY--TOPICAL TERM | |
| Topical term or geographic name entry element | Strategic planning. |
| 650 #0 - SUBJECT ADDED ENTRY--TOPICAL TERM | |
| Topical term or geographic name entry element | Logic. |
| 856 42 - ELECTRONIC LOCATION AND ACCESS | |
| Materials specified | Contributor biographical information |
| Uniform Resource Identifier | <a href="http://www.loc.gov/catdir/bios/hol053/2003045605.html">http://www.loc.gov/catdir/bios/hol053/2003045605.html</a> |
| 856 42 - ELECTRONIC LOCATION AND ACCESS | |
| Materials specified | Publisher description |
| Uniform Resource Identifier | <a href="http://www.loc.gov/catdir/description/hol041/2003045605.html">http://www.loc.gov/catdir/description/hol041/2003045605.html</a> |
| 856 41 - ELECTRONIC LOCATION AND ACCESS | |
| Materials specified | Table of contents |
| Uniform Resource Identifier | <a href="http://www.loc.gov/catdir/toc/hol041/2003045605.html">http://www.loc.gov/catdir/toc/hol041/2003045605.html</a> |
| 942 ## - ADDED ENTRY ELEMENTS (KOHA) | |
| Source of classification or shelving scheme | Library of Congress Classification |
| Koha item type | Books |
| Suppress in OPAC | No |
| 999 ## - | |
| -- | 7293 |
| -- | 7293 |
| Withdrawn status | Lost status | Source of classification or shelving scheme | Damaged status | Not for loan | Collection | Home library | Current library | Shelving location | Date acquired | Total checkouts | Full call number | Barcode | Date last seen | Copy number | Price effective from | Koha item type |
|---|---|---|---|---|---|---|---|---|---|---|---|---|---|---|---|---|
| Library of Congress Classification | Non-fiction | Undergraduate Library (Christ Temple) | Undergraduate Library (Christ Temple) | General stacks | 08/19/2025 | BC 108 JAR | ulct00004362 | 08/19/2025 | 1 | 08/19/2025 | Books | |||||
| Library of Congress Classification | Non-fiction | Undergraduate Library (Christ Temple) | Undergraduate Library (Christ Temple) | General stacks | 08/19/2025 | BC 108 JAR | ulct00004363 | 08/19/2025 | 2 | 08/19/2025 | Books |